Water management : performance and challenges in OECD countries /

Bibliographic Details
Main Author: Goldberg, Eduard
Format: Book
Language:English
Published: Paris : Organisation for Economic Co-operation and Development, [1998]
Subjects:

MARC

Tag First Indicator Second Indicator Subfields
LEADER 00000cam a2200000 a 4500
001 in00001406698
005 20151020072851.0
008 980421s1998 fr a i000 0 eng d
020 |a 9264160787 
035 |a (OCoLC)38988995 
035 |9 AHQ3653AM 
040 |a DGU  |c DGU  |d NYP  |d TXA  |d UtOrBLW 
049 |a TXAM 
090 |a HD1691  |b .G65 1998 
100 1 |a Goldberg, Eduard. 
245 1 0 |a Water management :  |b performance and challenges in OECD countries /  |c [written by Eduard Goldberg]. 
264 1 |a Paris :  |b Organisation for Economic Co-operation and Development,  |c [1998] 
264 4 |c ©1998 
300 |a 35 pages :  |b illustrations ;  |c 27 cm. 
336 |a text  |b txt  |2 rdacontent 
337 |a unmediated  |b n  |2 rdamedia 
338 |a volume  |b nc  |2 rdacarrier 
650 0 |a Water resources development  |z OECD countries. 
650 0 |a Water quality management  |z OECD countries. 
650 0 |a Water-supply  |z OECD countries  |x Management. 
948 |a c:blr 
999 |a MARS 
999 f f |s 449baeb6-4720-32c3-9e1c-449d7a089d9c  |i 5150d99c-581f-363f-88ff-2c4ba9a29ecc  |t 0 
952 f f |p ric  |a Texas A&M University  |b Rellis Campus  |c Joint Library Facility  |d Remote Storage  |t 0  |e HD1691 .G65 1998  |h Library of Congress classification  |i unmediated -- volume  |m A14822474882 
998 f f |a HD1691 .G65 1998  |t 0  |l Remote Storage